000 00773nam a2200253Ia 4500
003 OSt
005 20220923211033.0
006 a|||||r|||| 00| 0
007 ta
008 220922b |||||||| |||| 00| 0 hin d
020 _a8171381553 (hb)
024 _a252,065
037 _cTextual
040 _aARTS
_cARTS
_bhin
041 _2hin
_ahin
082 _aY15:4.2, 152P8
100 _aशर्मा, कुमुद
_9156290
245 0 _aआधी दुनिया का सच
246 _aĀdhī duniyā kā sacha
260 _aनई दिल्ली
_b सामयिक प्रकाशन
_c2008
300 _a159पृ.
_ccm.
942 _hY15:4.2, 152P8
_cTEXL
_2CC
999 _c294280
_d294280